000 00395nam 2200145 4500
001 6072
090 _a6072
100 _a20190729k u||y0frey50 ba
101 _afre
200 _aLe nucléaire: une réponse à l'effet de serre?
_bBrochure
_fY. L. Boullis
215 _a18 p.
_d21 cm.
300 _aSans date.
606 _9648
_aNucléaire (Energie)
700 _96976
_aY. L. Boullis
801 _aCH
_bCH-002049-8